[Event "Goch op 20th"]
[Site "Goch"]
[Date "2009.10.03"]
[Round "5"]
[White "Schuetzler, Bernd"]
[Black "Van der Graaf, Gerard"]
[Result "0-1"]
[WhiteElo "1251"]
[BlackElo "1801"]
[PlyCount "88"]
[EventDate "2009.10.01"]
[EventType "swiss"]
[EventRounds "7"]
[EventCountry "GER"]
[SourceTitle "EXT 2011"]
[Source "ChessBase"]
[SourceDate "2010.11.26"]
[SourceVersion "1"]
[SourceVersionDate "2010.11.26"]
[SourceQuality "1"]

1. e4 e6 2. d4 d5 3. e5 c5 4. c3 Nc6 5. Nf3 Nh6 6. Be2 Nf5 7. 0-0 cxd4 8. cxd4 Qb6 9. Nc3 Nfxd4 10. Nxd4 Qxd4 11. Qxd4 Nxd4 12. Bd2 Nxe2+ 13. Nxe2 Bd7 14. Rfc1 Bc6 15. Nd4 Kd7 16. a3 Be7 17. Rc3 Rhc8 18. Rac1 a6 19. g3 Ba4 20. b3 Rxc3 21. Rxc3 Bc6 22. b4 Rc8 23. f4 Ba4 24. Rxc8 Kxc8 25. f5 Kd7 26. fxe6+ fxe6 27. h4 Bd8 28. Kf2 Bb6 29. Ke3 Bc2 30. Bc3 Be4 31. Kf4 Bc7 32. g4 Ke7 33. Bd2 Bg2 34. Kg3 Bxe5+ 35. Kxg2 Bxd4 36. Bc1 e5 37. Kf3 Ke6 38. h5 e4+ 39. Kf4 Be5+ 40. Ke3 Bf6 41. Kf4 h6 42. Kg3 d4 43. Kf4 Bg5+ 44. Kxe4 Bxc1 0-1

[Event "Goch op 20th"]
[Site "Goch"]
[Date "2009.10.02"]
[Round "3"]
[White "Niemers, Johannes"]
[Black "Van der Graaf, Gerard"]
[Result "1-0"]
[WhiteElo "2008"]
[BlackElo "1801"]
[PlyCount "51"]
[EventDate "2009.10.01"]
[EventType "swiss"]
[EventRounds "7"]
[EventCountry "GER"]
[SourceTitle "EXT 2011"]
[Source "ChessBase"]
[SourceDate "2010.11.26"]
[SourceVersion "1"]
[SourceVersionDate "2010.11.26"]
[SourceQuality "1"]

1. e4 e6 2. d4 d5 3. Nd2 h6 4. Ngf3 Nf6 5. Bd3 c5 6. c3 Nc6 7. 0-0 Qb6 8. exd5 Nxd5 9. Nc4 Qc7 10. Re1 b5 11. Ne3 Nxe3 12. Bxe3 c4 13. Bc2 Bd7 14. b3 Bd6 15. d5 0-0-0 16. dxc6 Bxc6 17. Qe2 g5 18. Bd4 Rhg8 19. bxc4 Bxf3 20. Qxf3 Bxh2+ 21. Kh1 g4 22. Qa8+ Kd7 23. Qxa7 g3 24. Qxc7+ Kxc7 25. Be5+ Kd7 26. Red1+ 1-0